1511 1850 1072 1204 1272 1914 1712 1188 1761 1804 1488 1128 1308 1477 1432 1258 1855 1101 1097 1870 1387 1343 1831 1349 1851 1244 1526 1487 1129 1853 1453 1505 1219 1235 1912 1687 1889 1397 1562 1312 1899 1752 1929 1260 1202 1620 1223 1964 1731 1760 1303 1942 1476 1913 1085 1450 1781 1409 1440 1768 1782 1299 1512 1447 1461 1886 1653 1958 1166 1167 1094 1235 1819 1585 1313 1903 1741 1098 1464 1495 1753 1689 1208 1535 1516 1626 1319 1486 1504 1397 1424 1912 1501 1417 1556 1890 1293 1714 1225 BCNSPRNW ULIB Ver.6.0+V

เปลี่ยนเป็นภาษาไทย

Change to English
 แสดงรายละเอียดบรรณานุกรม
  กลับหน้าหลัก

Brief Record : Get Marc (ISO 2709) : E-mail record : QR code < ปิดหน้าต่าง
LEADER : 00000nam 2200000uu 4500
001    13399113487
003     ULIB
008    110426s2548||||th 000 0 tha d
020    9742127855
050  4 PE1645^bพ111พ 2548
100 0  พ.เสถบุตร
245 10 พจนานุกรมอังกฤษ-ไทย =^bEnglish -Thai dictionary/^cพ.เสถบุตร
246 31 English -Thai dictionary
260    กรุงเทพฯ :^bนานมีบุ๊คส์,^c2548
300    1141 หน้า
650  7 ศัพท์
650  7 พจนานุกรมอังกฤษ-ไทย
945    ^p695^l0^i024372
945    ^p695^l0^i028849
945    ^p695^l0^i028850
995    ทศพร
999 ^a ใช้งานได้ทุกระบบ
รายการนี้ยังไม่มีแท็ก
คุณยังไม่ได้ล็อกอิน คุณสามารถมีกิจกรรมร่วมกับเว็บไซต์ได้ แต่ต้องล็อกอินก่อน ::
  ล็อกอิน

รายการสื่อสารสนเทศ

ลำดับที่ ประเภท เลขเรียก/บาร์โค้ด สถานที่ สถานะ
- ไม่พบข้อมูล -

รายการใกล้เคียง
    หัวเรื่อง [ศัพท์]
    หัวเรื่อง [พจนานุกรมอังกฤษ-ไทย]

BibComment


ยังไม่เคยถูกคอมเมนท์

คอมเมนท์ทรัพยากรรายการนี้
  คอมเมนท์: พจนานุกรมอังกฤษไท..


 Copyright 2026. Bcnsprnw @Library